000 00742nas a2200229 4500
001 BR8403089
003 BR-BrBNA
005 20231205085938.0
007 ta
008 230509b bl.|||p| |||| 00| 00por d
040 _aBR-BrBNA
_bpor
_cBiblioteca Nacional de Agricultura
041 _a(Pt)
072 _aH20
100 1 _aKimura, O.
245 1 _aMelhoramento de pimentao visando a resistencia a pustula bacteriana
650 _aPIMENTAO
650 _aPUSTULA BACTERIANA
650 _aVARIEDADE RESISTENTE
773 0 _tInforme Agropecuario - Empresa de Pesquisa Agropecuaria de Minas Gerais (Brazil)
_xISSN 0100-3364
_g(May 1984), v. 10(113) p. 41-44
_wBR8403089
909 _a202311
_bLúcia
_c55
_dLúcia Elande
942 _2AGRIS
_n0
_cANA
999 _c115009
_d115009